| 000 | 01700nab a2200253 i 4500 | ||
|---|---|---|---|
| 003 | BR-BrBNA | ||
| 005 | 20250512150600.0 | ||
| 008 | 250512b2017 bl.qr|pooa||| 00| 0 por | | ||
| 040 |
_aBR-BrBNA _bpor |
||
| 072 | _aF70 | ||
| 100 | _aHiura, Alice Lima | ||
| 100 | _aWatanabe, Maurício Takashi Coutinho | ||
| 245 | _aFlora das cangas da Serra dos Carajás, Pará, Brasil: Burseraceae | ||
| 500 | _aPublicação on-line; 7 ref.; 1 illus.; Summaries (En, Pt) | ||
| 520 | _a Resumo É apresentado o levantamento das espécies de Burseraceae que ocorrem nas formações de canga na Serra dos Carajás, no estado do Pará, Brasil. Apenas uma espécie foi registrada: Protium pilosissimum. São fornecidos neste trabalho uma descrição morfológica para a espécie, ilustração e comentários taxonômicos. Palavras-chave: Amazônia, FLONA Carajás, florística, Protium. Abstract The account of Burseraceae that have been reported growing on the cangas of Serra dos Carajás, Pará state, Brazil is presented, comprising of a single species recorded: Protium pilosissimum. A description, an illustration and comments are also provided. Key words: Amazon,FLONA Carajás, floristics, Protium. | ||
| 650 | _aAMAZÔNIA | ||
| 650 | _aCARAJÁS | ||
| 650 | _aCOMPOSIÇÃO BOTÂNICA | ||
| 650 | _aPROTIUM PUNCTICULATUM | ||
| 773 | 0 |
_0709 _9350025 _dRio de Janeiro-RJ Jardim Botanico do Rio de Janeiro 1935 _o2025-2634 _tRodriguésia (Brazil) _x0370-6583; 2175-7860 on-line _gv. 68(3 special number) p. 921-923; (2017) _wBR2025000922 |
|
| 856 | _uhttps://www.scielo.br/j/rod/a/7R6Z3dvZ93vny8yqz7RB3fp/?format=pdf&lang=pt | ||
| 942 | _cANA | ||
| 999 |
_c331433 _d331433 |
||